[Event "FRA-ch U18 Girls"]
[Site "Saint Paul Trois Chateaux"]
[Date "2013.05.05"]
[Round "8"]
[White "Sriskantharajah, Niruja"]
[Black "Granger, Alexia"]
[Result "1-0"]
[WhiteElo "1663"]
[BlackElo "1231"]
[PlyCount "85"]
[EventDate "2013.04.28"]
[EventType "swiss"]
[EventRounds "9"]
[EventCountry "FRA"]
[SourceTitle "CBM 154 Extra"]
[Source "ChessBase"]
[SourceDate "2013.06.25"]
[SourceVersion "2"]
[SourceVersionDate "2013.06.25"]
[SourceQuality "1"]

1. e4 e5 2. Nf3 Nc6 3. d4 exd4 4. Nxd4 Nf6 5. Nxc6 bxc6 6. e5 Qe7 7. Qe2 Nd5 8. c4 Ba6 9. b3 g6 10. Bb2 Bg7 11. Nd2 0-0 12. 0-0-0 Nb6 13. f4 Rfe8 14. Qf3 Rab8 15. g4 d5 16. exd6 Bxb2+ 17. Kxb2 cxd6 18. g5 d5 19. cxd5 Na4+ 20. Ka1 Qa3 21. Rb1 Bxf1 22. Rhxf1 cxd5 23. Qd3 Rb6 24. f5 Rc8 25. fxg6 Nc3 26. gxf7+ Kf8 27. Rb2 Na4 28. Rc2 Rbc6 29. Nb1 Rxc2 30. Nxa3 Rc1+ 31. Nb1 Rxf1 32. Qxf1 Nb6 33. Kb2 Rc7 34. h4 Rxf7 35. Qd3 Kg7 36. Nc3 Rf4 37. Nxd5 Nxd5 38. Qxd5 Rxh4 39. Qe5+ Kg6 40. Qf6+ Kh5 41. Qf5 Rg4 42. g6+ Rg5 43. Qxg5+ 1-0

[Event "FRA-ch U18 Girls"]
[Site "Saint Paul Trois Chateaux"]
[Date "2013.04.29"]
[Round "2"]
[White "Sriskantharajah, Niruja"]
[Black "Nolot, Clementine"]
[Result "0-1"]
[WhiteElo "1663"]
[BlackElo "1858"]
[PlyCount "80"]
[EventDate "2013.04.28"]
[EventType "swiss"]
[EventRounds "9"]
[EventCountry "FRA"]
[SourceTitle "CBM 154 Extra"]
[Source "ChessBase"]
[SourceDate "2013.06.25"]
[SourceVersion "2"]
[SourceVersionDate "2013.06.25"]
[SourceQuality "1"]

1. e4 e5 2. Nf3 Nc6 3. d4 exd4 4. Nxd4 Bc5 5. Be3 Qf6 6. Nb5 Bxe3 7. fxe3 Qh4+ 8. g3 Qxe4 9. Nxc7+ Kd8 10. Nxa8 Qxh1 11. Qd6 Nf6 12. Nd2 Qd5 13. Qc7+ Ke7 14. Qf4 g5 15. Qc7 Rd8 16. g4 Qe5 17. Qxe5+ Nxe5 18. Nc7 a6 19. h3 Kd6 20. Na8 Kc6 21. Bg2+ d5 22. Nb3 b6 23. Nd4+ Kb7 24. Nxb6 Kxb6 25. a3 Nc4 26. Kf2 Re8 27. Re1 Ne4+ 28. Bxe4 Rxe4 29. Kf3 h5 30. gxh5 Rh4 31. Rh1 Rxh5 32. Kf2 Rxh3 33. Re1 g4 34. a4 Nd2 35. Ke2 Rh2+ 36. Kd3 Nf3 37. Nxf3 gxf3 38. Rf1 f2 39. Ke2 Bg4+ 40. Kd3 Bh3 0-1

[Event "FRA-ch U16 Girls"]
[Site "Nimes"]
[Date "2012.04.15"]
[Round "2"]
[White "Sriskantharajah, Niruja"]
[Black "Bellaiche, Elise"]
[Result "0-1"]
[WhiteElo "1631"]
[BlackElo "1985"]
[PlyCount "76"]
[EventDate "2012.04.14"]
[EventType "swiss"]
[EventRounds "9"]
[EventCountry "FRA"]
[SourceTitle "CBM 148 Extra"]
[Source "ChessBase"]
[SourceDate "2012.06.22"]
[SourceVersion "1"]
[SourceVersionDate "2012.06.22"]
[SourceQuality "1"]

1. e4 e6 2. d4 d5 3. Nc3 Nf6 4. e5 Nfd7 5. f4 c5 6. Nf3 Nc6 7. Be3 a6 8. Qd2 b5 9. dxc5 Bxc5 10. Bxc5 Nxc5 11. Qf2 Qe7 12. Bd3 b4 13. Ne2 f6 14. Qg3 Nxd3+ 15. cxd3 0-0 16. d4 Na5 17. b3 Nc6 18. 0-0 a5 19. Rac1 Na7 20. Rc5 Ba6 21. Rfc1 Rac8 22. Qe1 Nb5 23. R5c2 f5 24. Qd2 Qd7 25. Ne1 Rxc2 26. Rxc2 Rc8 27. Nd3 Rxc2 28. Qxc2 Na3 29. Qd2 Qb5 30. Nec1 Nb1 31. Qc2 Nc3 32. h3 h6 33. Kh2 Qe8 34. Nc5 Bb5 35. N1d3 Qc6 36. Qf2 Bxd3 37. Nxd3 Ne4 38. Qe2 Qc3 0-1

[Event "FRA-ch U14 Girls"]
[Site "Aix les Bains"]
[Date "2009.04.25"]
[Round "8"]
[White "Pouillart, Cecile"]
[Black "Sriskantharajah, Niruja"]
[Result "1/2-1/2"]
[WhiteElo "1745"]
[BlackElo "1643"]
[PlyCount "123"]
[EventDate "2009.04.19"]
[EventType "swiss"]
[EventRounds "9"]
[EventCountry "FRA"]
[SourceTitle "CBM 130 Extra"]
[Source "ChessBase"]
[SourceDate "2009.07.02"]
[SourceVersion "2"]
[SourceVersionDate "2009.07.15"]
[SourceQuality "1"]

1. e4 e5 2. Nf3 Nf6 3. Nxe5 d6 4. Nf3 Nxe4 5. d4 d5 6. Bd3 Bd6 7. 0-0 0-0 8. Nbd2 Re8 9. Bxe4 dxe4 10. Ne5 Bxe5 11. dxe5 Nc6 12. Nxe4 Nxe5 13. Qxd8 Rxd8 14. Bf4 Re8 15. Rfe1 f6 16. Nc3 c6 17. Ne4 Kf8 18. Bd2 b6 19. Bf4 Ba6 20. Nd6 Re7 21. Nf5 Ree8 22. Rad1 Bc8 23. Nd6 Re7 24. Bxe5 fxe5 25. Rd2 Ba6 26. Nf5 Ree8 27. Re3 g6 28. Nd6 Re6 29. Rf3+ Kg7 30. Rf7+ Kg8 31. Rd7 e4 32. Rd1 e3 33. fxe3 Rxe3 34. Nf7 Bc4 35. Ng5 h6 36. Rd8+ Rxd8 37. Rxd8+ Kg7 38. Nf3 Re7 39. Rd4 Be2 40. Nh4 Rf7 41. Nf3 Bxf3 42. gxf3 c5 43. Rd3 Kf6 44. Rd6+ Kf5 45. Kf2 Rg7 46. a4 Rb7 47. b3 h5 48. a5 Kg5 49. Kg3 Kf5 50. c3 bxa5 51. Rd5+ Ke6 52. Rxc5 Rxb3 53. Rxa5 Rxc3 54. Rxa7 Rc2 55. Ra5 Rd2 56. h4 Rd4 57. Ra6+ Kf5 58. Ra5+ Ke6 59. Ra3 Rb4 60. f4 Kf5 61. Ra5+ Kf6 62. Ra6+ 1/2-1/2